| 000 | 01033aam a2200397a 44500 | ||
|---|---|---|---|
| 008 | 980313s1995 cat | ||
| 017 | _aB-17520-1995 | ||
| 020 | _a848756173X | ||
| 041 | _acat | ||
| 080 | _a82.085(038) | ||
| 100 |
_aOriol Dauder, Joan A. _967419 |
||
| 245 | _aDiccionari de figures retòriques i altres recursos expressius | ||
| 245 | _cJoan a Oriol Dauder | ||
| 245 | _cJoan Oriol i Giralt | ||
| 260 | _aBarcelona | ||
| 260 | _bLlibres de l'Índex | ||
| 260 | _c1995 | ||
| 300 |
_a235 p. _c22 cm |
||
| 500 | _aExemplar fotocopiat | ||
| 500 | _aRemissions, exemples | ||
| 520 | _aaprox. 320 | ||
| 546 | _acatalà | ||
| 591 | _a5433 | ||
| 592 | _aObra terminològica | ||
| 593 | _aSS | ||
| 594 | _a5433 | ||
| 650 |
_aestilística _967422 |
||
| 650 |
_aretòrica _967421 |
||
| 700 |
_aOriol i Giralt, Joan _967420 |
||
| 901 | _c<1995> | ||
| 902 | _a980313 | ||
| 942 |
_cMO _n0 |
||
| 999 |
_c56261 _d56261 |
||